Filmy lat 80. - Nagła Śmierć - Statystyki

Ogólne statystyki
  • Ten quiz został rozwiązany 82 razy
  • Średni wynik to 12 z 28
Answers on the Grid
Answers color-coded by a green-red scale on the quiz's grid according to % correct below.
Absolwent
Akademia Policyjna
Dirty Dancing
Dzień Świstaka
E.T.
Footloose
Forrest Gump
Gliniarz z Beverly Hills
Good Morning, Vietnam
Goonies
Jumanji
Karate Kid
Klub Winowajców
Krokodyl Dundee
Krwiożercza Roślina
Książę w Nowym Jorku
Księga Dżungli
Lista Schindlera
Mała Syrenka
Miłość, Szmaragd i Krokodyl
Mumia
Narzeczona dla Księcia
Niekończąca się opowieść
Pani Doubtfire
Park Jurajski
Pogromcy Duchów
Poszukiwacze Zaginionej Arki
Powrót do przyszłości
Powrót Jedi
Rain Man
Sok z żuka
Spokojnie, Tatuśku
Stań Przy Mnie
Superman
Swobodny Jeździec
Szczęki
Szósty Zmysł
Taksówkarz
Top Gun
Trop
Truman Sho
Wielka przygoda Pee Wee Hermana
Wolny dzień Ferrisa Buellera
Zjawa
 
Statystyki odpowiedzi
Odpowiedź % Poprawnych
Akademia Policyjna
76%
Dirty Dancing
69%
E.T.
69%
Gliniarz z Beverly Hills
62%
Powrót do przyszłości
60%
Karate Kid
57%
Krokodyl Dundee
57%
Miłość, Szmaragd i Krokodyl
52%
Poszukiwacze Zaginionej Arki
52%
Footloose
50%
Książę w Nowym Jorku
48%
Niekończąca się opowieść
48%
Pogromcy Duchów
48%
Good Morning, Vietnam
45%
Top Gun
40%
Goonies
38%
Sok z żuka
38%
Powrót Jedi
36%
Rain Man
36%
Klub Winowajców
31%
Stań Przy Mnie
26%
Krwiożercza Roślina
24%
Spokojnie, Tatuśku
24%
Narzeczona dla Księcia
21%
Wolny dzień Ferrisa Buellera
21%
Wielka przygoda Pee Wee Hermana
19%
Mała Syrenka
17%
Trop
12%
Nie znaleziono quizów pasujących do podanych kryteriów
Rozkład punktacji
Procent ludzi z każdym wynikiem
Percentyl według liczby udzielonych odpowiedzi
Twoja historia wyników
Nie rozwiązałeś tego quizu